01492nam a2200289 a 450000100060000000300080000600500170001400800370003103500320006804000420010004100130014208200240015510000340017924501740021326001130038730000260050049000560052650001080058250001480069065100790083883000200091770000510093783000480098894200120103699900170104895201370106525662BD-RjUL20211209050917.0140319s1896enk 000 0 eng  aocm00360293a(BD-RjUL)25732 aDLCcWSUdm.cdSERdOCLdBD-RjULbeng1 aenghlat04a823.2bGIE P-1 18960 aGiraldus,d1146?-1223?97884714aThe English conquest of Ireland. A.D. 1166-1185 /cmainly from the 'Expugnatio hibernica' of Giraldus Cambrensis ; edited by Frederick J. Furnivall.nPart. I :pThe text aLondon :bPublished for the Early English text society, by K. Paul, Trench, Trübner & co., limited,c1896. axvi, 172 p. ;c24 cm.1 aOriginal series / Early English Text Society ;v107 aA free and abridged translation into English, made possibly by an English settler in Ireland. cf. Pref. a"A parallel text from 1. Ms. Trinity College, Dublin, E. 2. 31, about 1425 A.D. ; 2. Ms. Rawlinson, B. 490, Bodleian Library, about 1440 A.D. " 0aIrelandxHistoryyEnglish Conquest, 1166-1186vEarly works to 1800.978848 0vno. 107.9788531 aFurnivall, Frederick James,d1825-1910.961249 0aEarly English Text Society (Series).978854 2ddccBK c25662d25662 00102ddc4072aRUCLbRUCLcReadingd1956-11-12eBlack Wellg18.00l0o823.2 GIE P-1 1896r2014-03-19 00:00:00tC-1w2021-12-09yBK